[Event "CZE-chT2B 1718"]
[Site "Czech Republic"]
[Date "2018.03.18"]
[Round "10.4"]
[White "Kawulok, Marek"]
[Black "Jares, Jiri"]
[Result "1-0"]
[WhiteElo "2172"]
[BlackElo "1978"]
[PlyCount "79"]
[EventDate "2017.10.15"]
[EventType "team-tourn"]
[EventRounds "11"]
[EventCountry "CZE"]
[SourceTitle "EXT 2022"]
[Source "ChessBase"]
[SourceDate "2021.10.06"]
[SourceVersion "1"]
[SourceVersionDate "2021.10.06"]
[SourceQuality "1"]
[WhiteTeam "Neratovice III"]
[BlackTeam "Liberec Slavia"]
[WhiteTeamCountry "CZE"]
[BlackTeamCountry "CZE"]

1. d4 Nf6 2. c4 c5 3. d5 e5 4. Nc3 d6 5. e4 Be7 6. Nf3 0-0 7. g3 Na6 8. Bg2 Nc7 9. 0-0 a6 10. a4 b6 11. Ne1 Nfe8 12. f4 f6 13. Nd3 Bd7 14. b3 b5 15. Ra2 bxc4 16. bxc4 g6 17. a5 Rb8 18. Bd2 Ng7 19. Qc2 Na8 20. Rb1 Qc7 21. Rab2 Rfe8 22. Nd1 Rf8 23. Ne3 Rfc8 24. Bc3 Rf8 25. Nd1 Rfc8 26. N1f2 Rf8 27. Kh1 Rfc8 28. Bh3 Bxh3 29. Nxh3 Rf8 30. Nhf2 Rfc8 31. Rb3 Ne8 32. Qb2 Rxb3 33. Qxb3 Qd7 34. Qb7 Nac7 35. fxe5 fxe5 36. Bxe5 dxe5 37. Nxe5 Qd6 38. Nc6 Ra8 39. e5 Qd7 40. e6 1-0

[Event "CZE-chT2B 1718"]
[Site "Czech Republic"]
[Date "2018.01.14"]
[Round "6.5"]
[White "Jares, Jiri"]
[Black "Erban, Dusan"]
[Result "1-0"]
[WhiteElo "1978"]
[BlackElo "2052"]
[PlyCount "78"]
[EventDate "2017.10.15"]
[EventType "team-tourn"]
[EventRounds "11"]
[EventCountry "CZE"]
[SourceTitle "EXT 2022"]
[Source "ChessBase"]
[SourceDate "2021.10.06"]
[SourceVersion "1"]
[SourceVersionDate "2021.10.06"]
[SourceQuality "1"]
[WhiteTeam "Liberec Slavia"]
[BlackTeam "Usti nad Labem"]
[WhiteTeamCountry "CZE"]
[BlackTeamCountry "CZE"]

1. e4 c5 2. Nf3 Nc6 3. d4 cxd4 4. Nxd4 e5 5. Nb5 d6 6. c4 a6 7. N5c3 Nf6 8. Be2 Be7 9. 0-0 0-0 10. Bg5 Be6 11. Qd2 Rc8 12. Na3 Nd4 13. Bd3 Nd7 14. Be3 Nc6 15. Rad1 g6 16. Nd5 Bxd5 17. exd5 Ncb8 18. f4 f5 19. fxe5 Nxe5 20. b3 Nbd7 21. Nc2 Nc5 22. Be2 Ne4 23. Qe1 Bg5 24. Bf3 Re8 25. Bxe4 Bxe3+ 26. Qxe3 Ng4 27. Qg3 Rxe4 28. h3 Qb6+ 29. Kh1 Ne3 30. Nxe3 Rxe3 31. Qg5 Re5 32. Rfe1 Qd8 33. Qd2 Qf6 34. Qb4 Rc7 35. Rxe5 dxe5 36. c5 e4 37. c6 b5 38. Qc5 f4 39. d6 f3 1-0

[Event "Lanta op 1st"]
[Site "Koh Lanta Island"]
[Date "2012.03.24"]
[Round "3"]
[White "Jares, Jiri"]
[Black "Mojzis, Jan"]
[Result "1/2-1/2"]
[WhiteElo "1996"]
[BlackElo "2153"]
[PlyCount "75"]
[EventDate "2012.03.22"]
[EventType "swiss"]
[EventRounds "9"]
[EventCountry "THA"]
[SourceTitle "EXT 2013"]
[Source "ChessBase"]
[SourceDate "2012.11.22"]
[SourceVersion "1"]
[SourceVersionDate "2012.11.22"]
[SourceQuality "1"]

1. d4 d5 2. Nc3 Nf6 3. Bg5 h6 4. Bh4 Bf5 5. e3 e6 6. Bd3 Be7 7. Bxf5 exf5 8. Bxf6 Bxf6 9. Qf3 c6 10. Qxf5 0-0 11. Nf3 Re8 12. 0-0 Nd7 13. Ne2 g6 14. Qd3 b5 15. b3 Nb6 16. Nd2 Rc8 17. c4 bxc4 18. bxc4 dxc4 19. Nxc4 c5 20. Nxb6 axb6 21. Rab1 Ra8 22. Rb2 cxd4 23. Nxd4 Ra4 24. Rd2 Qa8 25. Qb5 Kg7 26. Qxb6 Rxa2 27. Rxa2 Qxa2 28. Nf3 Rd8 29. e4 Qe2 30. e5 Rd1 31. Qxf6+ Kg8 32. Nd2 Rxd2 33. h3 Rd5 34. Ra1 Rxe5 35. Ra7 Qd1+ 36. Kh2 Qd5 37. Rc7 Re8 38. Rc6 1/2-1/2

[Event "CZE-chT2C 1112"]
[Site "Czech Republic"]
[Date "2011.12.04"]
[Round "4.4"]
[White "Jares, Jiri"]
[Black "Sindler, Michal"]
[Result "0-1"]
[WhiteElo "2058"]
[BlackElo "2195"]
[PlyCount "66"]
[EventDate "2011.10.09"]
[EventType "team-tourn"]
[EventRounds "11"]
[EventCountry "CZE"]
[SourceTitle "EXT 2013"]
[Source "ChessBase"]
[SourceDate "2012.11.22"]
[SourceVersion "1"]
[SourceVersionDate "2012.11.22"]
[SourceQuality "1"]
[WhiteTeam "Liberec"]
[BlackTeam "Ricany"]
[WhiteTeamCountry "CZE"]
[BlackTeamCountry "CZE"]

1. e4 c5 2. Nf3 d6 3. d4 cxd4 4. Nxd4 Nc6 5. Nc3 e6 6. Bc4 Nf6 7. Bb3 Be7 8. Be3 0-0 9. Qe2 a6 10. a4 Qc7 11. 0-0 Bd7 12. Rad1 Rfc8 13. Nxc6 Qxc6 14. Bg5 b5 15. axb5 axb5 16. Bf4 Qb7 17. Rfe1 b4 18. Nb1 Bc6 19. Nd2 d5 20. e5 Nd7 21. Qg4 Ba4 22. Bh6 g6 23. Bxa4 Rxa4 24. Nf3 Rxc2 25. Nd4 b3 26. Qh3 Rcc4 27. Nf3 Bc5 28. g3 Qb6 29. Rf1 Re4 30. Rxd5 Qa7 31. Rxd7 Qxd7 32. Ng5 Rxe5 33. g4 Qd4 0-1

[Event "CZE-chT2C 1112"]
[Site "Czech Republic"]
[Date "2011.11.20"]
[Round "3.4"]
[White "Urban, Zdenek"]
[Black "Jares, Jiri"]
[Result "1-0"]
[WhiteElo "2176"]
[BlackElo "2058"]
[PlyCount "125"]
[EventDate "2011.10.09"]
[EventType "team-tourn"]
[EventRounds "11"]
[EventCountry "CZE"]
[SourceTitle "EXT 2013"]
[Source "ChessBase"]
[SourceDate "2012.11.22"]
[SourceVersion "1"]
[SourceVersionDate "2012.11.22"]
[SourceQuality "1"]
[WhiteTeam "Jicin II"]
[BlackTeam "Liberec"]
[WhiteTeamCountry "CZE"]
[BlackTeamCountry "CZE"]

1. d4 Nf6 2. Nf3 d5 3. c4 c6 4. Nc3 e6 5. e3 Nbd7 6. Qc2 Bd6 7. cxd5 exd5 8. Bd3 0-0 9. 0-0 Re8 10. Re1 Nf8 11. a3 Bg4 12. Nd2 Ne6 13. Ne2 Ng5 14. Ng3 g6 15. b3 Qe7 16. Bb2 h5 17. f4 Ngh7 18. h3 h4 19. hxg4 hxg3 20. g5 Nh5 21. Nf3 Ng7 22. Ne5 Nxg5 23. fxg5 Bxe5 24. dxe5 Qxg5 25. Qe2 Qh4 26. Qf3 Ne6 27. Bc3 Ng5 28. Qf4 Qh2+ 29. Kf1 Nh3 30. Qf3 Ng5 31. Qg4 Qh1+ 32. Ke2 Qxg2+ 33. Kd1 Qf3+ 34. Qxf3 Nxf3 35. Ke2 Nxe5 36. Rg1 c5 37. Rxg3 d4 38. exd4 Nc6+ 39. Kd2 Nxd4 40. Bxd4 cxd4 41. Rc1 Rac8 42. Rc4 Rxc4 43. Bxc4 Kg7 44. Rg4 Re7 45. Rxd4 f5 46. Bb5 g5 47. Rd7 Rxd7+ 48. Bxd7 Kf6 49. Ke3 Ke5 50. Bc8 b6 51. a4 Kf6 52. Kd4 g4 53. b4 Kg5 54. Ke3 f4+ 55. Ke4 f3 56. Ke3 Kh4 57. Kf2 Kh3 58. Bd7 Kh4 59. Bc6 Kh3 60. b5 Kh4 61. Bb7 Kh3 62. Bxf3 gxf3 63. Kxf3 1-0

[Event "CZE-chT2C 1011"]
[Site "Czech Republic"]
[Date "2011.01.23"]
[Round "6.4"]
[White "Jares, Jiri"]
[Black "Jandovsky, Viktor"]
[Result "1-0"]
[WhiteElo "2036"]
[BlackElo "2185"]
[PlyCount "70"]
[EventDate "2010.10.17"]
[EventType "team-tourn"]
[EventRounds "11"]
[EventCountry "CZE"]
[SourceTitle "EXT 2012"]
[Source "ChessBase"]
[SourceDate "2011.11.24"]
[SourceVersion "1"]
[SourceVersionDate "2011.11.24"]
[SourceQuality "1"]
[WhiteTeam "Liberec"]
[BlackTeam "Pankrac II"]
[WhiteTeamCountry "CZE"]
[BlackTeamCountry "CZE"]

1. d4 Nf6 2. Nc3 d5 3. Bg5 e6 4. e4 dxe4 5. Nxe4 Be7 6. Bxf6 gxf6 7. Nf3 b6 8. Bb5+ c6 9. Be2 Bb7 10. Qd3 Nd7 11. 0-0-0 Qc7 12. Kb1 0-0-0 13. c4 Kb8 14. Qe3 h6 15. Rd2 f5 16. Nc3 Bd6 17. Rc2 Bf4 18. Qd3 Ne5 19. Qd1 Nxf3 20. Bxf3 Qd7 21. d5 cxd5 22. cxd5 e5 23. g3 Bg5 24. Be2 Bxd5 25. Nxd5 Qxd5 26. Qf1 Rc8 27. Rxc8+ Rxc8 28. f4 exf4 29. gxf4 Bf6 30. Bf3 Qd2 31. Qe2 Qxf4 32. Re1 Bg5 33. a3 Bf6 34. Bh1 Qc7 35. Qg2 Qd7 1-0

[Event "CZE-chT2C 0910"]
[Site "Czech Republic"]
[Date "2010.03.28"]
[Round "10.4"]
[White "Jares, Jiri"]
[Black "Bauma, Jiri"]
[Result "0-1"]
[WhiteElo "1966"]
[BlackElo "2211"]
[PlyCount "70"]
[EventDate "2009.10.18"]
[EventType "team-tourn"]
[EventRounds "11"]
[EventCountry "CZE"]
[SourceTitle "EXT 2011"]
[Source "ChessBase"]
[SourceDate "2010.11.26"]
[SourceVersion "1"]
[SourceVersionDate "2010.11.26"]
[SourceQuality "1"]
[WhiteTeam "Liberec"]
[BlackTeam "Praha Dukla"]
[WhiteTeamCountry "CZE"]
[BlackTeamCountry "CZE"]

1. e4 c5 2. Nf3 Nc6 3. d4 cxd4 4. Nxd4 Nf6 5. Nc3 e5 6. Ndb5 d6 7. a4 a6 8. Na3 Be6 9. Bg5 Rc8 10. Bxf6 gxf6 11. Bc4 Ne7 12. Qd3 Qc7 13. Nd5 Bxd5 14. Bxd5 Qa5+ 15. c3 Nxd5 16. exd5 Qxa4 17. Qf5 Qd7 18. Qxf6 Rg8 19. 0-0 Qg4 20. g3 Rg6 21. Qh8 h5 22. f3 Qg5 23. f4 Qg4 24. Qh7 h4 25. fxe5 Rg7 26. Qf5 Qxf5 27. Rxf5 dxe5 28. Rxe5+ Kd7 29. Kg2 Bd6 30. Re4 hxg3 31. h3 f5 32. Re6 f4 33. Nc2 f3+ 34. Kxf3 Rf8+ 35. Ke4 g2 0-1

[Event "CZE-chT2C 0910"]
[Site "Czech Republic"]
[Date "2010.01.31"]
[Round "6.5"]
[White "Marsalek, Zdenek"]
[Black "Jares, Jiri"]
[Result "1-0"]
[WhiteElo "2215"]
[BlackElo "1966"]
[PlyCount "189"]
[EventDate "2009.10.18"]
[EventType "team-tourn"]
[EventRounds "11"]
[EventCountry "CZE"]
[SourceTitle "EXT 2011"]
[Source "ChessBase"]
[SourceDate "2010.11.26"]
[SourceVersion "1"]
[SourceVersionDate "2010.11.26"]
[SourceQuality "1"]
[WhiteTeam "Turnov Zikuda II"]
[BlackTeam "Liberec"]
[WhiteTeamCountry "CZE"]
[BlackTeamCountry "CZE"]

1. d4 c5 2. d5 e5 3. c4 d6 4. g3 f5 5. Bg2 Nf6 6. Nc3 g6 7. e4 Bg7 8. Nge2 0-0 9. 0-0 a6 10. f3 fxe4 11. fxe4 Rf7 12. a3 Qf8 13. h3 Bh6 14. b4 Bxc1 15. Qxc1 Nbd7 16. Qe3 Qd8 17. Nc1 Qc7 18. b5 Nb6 19. Qd3 Bd7 20. Rb1 a5 21. Nb3 Raf8 22. Nd2 Nh5 23. Rxf7 Rxf7 24. Rf1 Rxf1+ 25. Bxf1 Qd8 26. Qe3 Kg7 27. Kh2 Nc8 28. Be2 Nf6 29. Nf3 h6 30. Na4 b6 31. Bd3 Qe7 32. Qd2 Qd8 33. Qc3 Qc7 34. Nb2 Nh7 35. Nd1 Ne7 36. Ne3 Bc8 37. Nd1 Bd7 38. Nf2 Bc8 39. Be2 g5 40. Kg2 Nf6 41. Nh2 Ng6 42. Qe3 Qf7 43. Nd1 Ne7 44. Nf2 Qg6 45. Bg4 Bxg4 46. hxg4 h5 47. gxh5 Qxh5 48. Qf3 Qxf3+ 49. Kxf3 Kg6 50. Nhg4 Nd7 51. Nd1 Ng8 52. Nc3 Ne7 53. Ne3 Kh5 54. Na4 Nc8 55. Ng4 Kg6 56. Nb2 Ne7 57. Nd1 Kh5 58. Nde3 Kg6 59. Nf2 Nf6 60. Nf1 Nfg8 61. Nh2 Nh6 62. Nhg4 Nf7 63. Nd3 Nd8 64. Ne1 Nc8 65. Ne3 Ne7 66. Nd3 Nf7 67. Nb2 Nh6 68. g4 Nc8 69. Nf5 Nf7 70. Na4 Nd8 71. Nb2 Nb7 72. Nd3 Kf6 73. Ke3 Ne7 74. Ne1 Ng6 75. Nd3 Ne7 76. Nc1 Ng6 77. Ne2 Ne7 78. Neg3 Ng6 79. Nh5+ Kf7 80. Kf3 Nf4 81. Ke3 Ng2+ 82. Kf2 Nf4 83. Ke3 Ng2+ 84. Kd2 Nf4 85. Nhg3 Nh3 86. Nh1 Ng1 87. Nf2 Nf3+ 88. Kc3 Nd4 89. Nd3 Kf6 90. Nb2 Nxf5 91. exf5 e4 92. Kd2 Ke5 93. Ke3 Nd8 94. Na4 Nf7 95. Nxb6 1-0

[Event "CZE-chT2C 0910"]
[Site "Czech Republic"]
[Date "2010.01.17"]
[Round "5.5"]
[White "Jares, Jiri"]
[Black "Jacek, Miloslav"]
[Result "1-0"]
[WhiteElo "1966"]
[BlackElo "2111"]
[PlyCount "105"]
[EventDate "2009.10.18"]
[EventType "team-tourn"]
[EventRounds "11"]
[EventCountry "CZE"]
[SourceTitle "EXT 2011"]
[Source "ChessBase"]
[SourceDate "2010.11.26"]
[SourceVersion "1"]
[SourceVersionDate "2010.11.26"]
[SourceQuality "1"]
[WhiteTeam "Liberec"]
[BlackTeam "Mlada Boleslav"]
[WhiteTeamCountry "CZE"]
[BlackTeamCountry "CZE"]

1. e4 d5 2. exd5 Nf6 3. d4 Nxd5 4. Nf3 Bg4 5. Be2 e6 6. 0-0 Be7 7. c4 Nb6 8. c5 N6d7 9. Nc3 0-0 10. Bf4 Nf6 11. h3 Bh5 12. g4 Bg6 13. Ne5 Nc6 14. Nxc6 bxc6 15. Qa4 Qd7 16. Bf3 Nd5 17. Nxd5 exd5 18. Qa5 Bd8 19. Kg2 Re8 20. Rfe1 Be4 21. Re3 f5 22. g5 Re6 23. Kh2 Bxf3 24. Rxf3 Re4 25. Qc3 Rb8 26. b3 Qe6 27. Re3 Qf7 28. Rxe4 fxe4 29. Qg3 Rb4 30. Rd1 a5 31. a3 Rb8 32. Rf1 g6 33. Bd2 Ra8 34. f4 Qf5 35. Qg4 Rb8 36. Qxf5 gxf5 37. Rb1 a4 38. Bb4 axb3 39. Rxb3 Kf7 40. Kg3 Be7 41. a4 Bf8 42. Rb2 Ke6 43. Bc3 Rxb2 44. Bxb2 Bg7 45. Kf2 Kd7 46. Ke3 Kc8 47. h4 Kb7 48. h5 Ka6 49. Bc3 h6 50. g6 Kb7 51. Be1 Ka6 52. Bh4 Kb7 53. a5 1-0

[Event "CZE-chT2C 0910"]
[Site "Czech Republic"]
[Date "2009.11.08"]
[Round "2.5"]
[White "Jedlicka, Lubos"]
[Black "Jares, Jiri"]
[Result "0-1"]
[WhiteElo "2099"]
[BlackElo "1966"]
[PlyCount "64"]
[EventDate "2009.10.18"]
[EventType "team-tourn"]
[EventRounds "11"]
[EventCountry "CZE"]
[SourceTitle "EXT 2011"]
[Source "ChessBase"]
[SourceDate "2010.11.26"]
[SourceVersion "1"]
[SourceVersionDate "2010.11.26"]
[SourceQuality "1"]
[WhiteTeam "Lipa"]
[BlackTeam "Liberec"]
[WhiteTeamCountry "CZE"]
[BlackTeamCountry "CZE"]

1. c4 e5 2. g3 Nf6 3. Bg2 c6 4. d4 exd4 5. Qxd4 d5 6. Nc3 dxc4 7. Qxc4 Be6 8. Qa4 Qb6 9. Nf3 Be7 10. 0-0 0-0 11. Qc2 Na6 12. Be3 Qa5 13. Nd4 Bg4 14. a3 Qh5 15. Rfd1 Nc5 16. f3 Bc8 17. b4 Ne6 18. Nf5 Re8 19. Rd2 Bf8 20. Rad1 Nc7 21. Bf4 Bxf5 22. e4 Ne6 23. exf5 Nxf4 24. gxf4 Qh4 25. Ne4 Nd5 26. Qb3 Qxf4 27. Ng3 Re3 28. Qb2 Rae8 29. Kf2 a5 30. Rd3 axb4 31. axb4 Bxb4 32. Rxd5 cxd5 0-1

[Event "Liberec op 10th"]
[Site "Liberec"]
[Date "2009.10.28"]
[Round "6"]
[White "Jares, Jiri"]
[Black "Bartos, Jan"]
[Result "1-0"]
[WhiteElo "1966"]
[BlackElo "2249"]
[PlyCount "119"]
[EventDate "2009.10.24"]
[EventType "swiss"]
[EventRounds "9"]
[EventCountry "CZE"]
[SourceTitle "EXT 2010"]
[Source "ChessBase"]
[SourceDate "2010.11.25"]
[SourceVersion "1"]
[SourceVersionDate "2010.11.25"]
[SourceQuality "1"]

1. d4 f5 2. e4 fxe4 3. Nc3 Nf6 4. Bg5 Nc6 5. d5 Ne5 6. Qe2 c6 7. 0-0-0 Qa5 8. Bxf6 gxf6 9. Qxe4 d6 10. f4 Bh6 11. Kb1 f5 12. Qe3 Ng4 13. Qf3 Bd7 14. Nge2 c5 15. Ng3 Bg7 16. Nh5 Bd4 17. Ne2 Nf2 18. Nxd4 Nxd1 19. Ng7+ Kf7 20. Nge6 h5 21. Ng5+ Kg6 22. Qxd1 cxd4 23. Bc4 Qc5 24. Qe2 Rae8 25. h4 Rhf8 26. a3 b5 27. Bb3 a5 28. Qf3 Rf6 29. Qg3 Kh6 30. Re1 a4 31. Ba2 b4 32. Ne6 Bxe6 33. Qg5+ Kh7 34. Qxh5+ Kg7 35. Qxe8 Bf7 36. Qxa4 d3 37. cxd3 Qf2 38. Qxb4 Rg6 39. Rxe7 Rxg2 40. Bc4 Qxf4 41. Qb7 Qd4 42. Rxf7+ Kg6 43. Rh7 Rxb2+ 44. Qxb2 Qg1+ 45. Qc1 Qb6+ 46. Ka2 Kxh7 47. Qf4 Kg7 48. Qg5+ Kh8 49. Qf6+ Kg8 50. Qxf5 Qa5 51. Qe6+ Kh8 52. Qc8+ Kg7 53. Qd7+ Kh8 54. Qxd6 Qd2+ 55. Kb3 Qd1+ 56. Kb4 Qd2+ 57. Kb5 Qb2+ 58. Kc6 Qd4 59. Qh6+ Kg8 60. d6+ 1-0

[Event "CZE-chT2C 0910"]
[Site "Czech Republic"]
[Date "2009.10.18"]
[Round "1.5"]
[White "Fiala, Jaroslav"]
[Black "Jares, Jiri"]
[Result "1-0"]
[WhiteElo "2248"]
[BlackElo "1966"]
[PlyCount "43"]
[EventDate "2009.10.18"]
[EventType "team-tourn"]
[EventRounds "11"]
[EventCountry "CZE"]
[SourceTitle "EXT 2011"]
[Source "ChessBase"]
[SourceDate "2010.11.26"]
[SourceVersion "1"]
[SourceVersionDate "2010.11.26"]
[SourceQuality "1"]
[WhiteTeam "Jicin"]
[BlackTeam "Liberec"]
[WhiteTeamCountry "CZE"]
[BlackTeamCountry "CZE"]

1. e4 e5 2. Nf3 Nc6 3. Bc4 Nf6 4. d3 Be7 5. 0-0 0-0 6. Re1 d6 7. Bb3 Na5 8. Ba4 b6 9. c3 Nb7 10. d4 Bg4 11. Nbd2 Nd7 12. h3 Bxf3 13. Nxf3 Bf6 14. Bxd7 Qxd7 15. dxe5 Be7 16. exd6 Qxd6 17. Qxd6 Nxd6 18. Nd4 c5 19. Nc6 Bd8 20. Bf4 Nb5 21. a4 Nc7 22. Nxd8 1-0

[Event "Tabor op"]
[Site "Tabor"]
[Date "2007.08.01"]
[Round "5"]
[White "Jares, Jiri"]
[Black "Snyta, Zdenek"]
[Result "1/2-1/2"]
[WhiteElo "1897"]
[BlackElo "2143"]
[PlyCount "100"]
[EventDate "2007.07.29"]
[EventType "swiss"]
[EventRounds "9"]
[EventCountry "CZE"]
[SourceTitle "EXT 2009"]
[Source "ChessBase"]
[SourceDate "2008.11.26"]
[SourceVersion "1"]
[SourceVersionDate "2008.11.26"]
[SourceQuality "1"]

1. d4 e6 2. f4 f5 3. e3 Nf6 4. Nd2 Be7 5. Ngf3 0-0 6. Bd3 b6 7. 0-0 Ba6 8. Ne5 Bxd3 9. cxd3 d6 10. Qf3 Nd5 11. Nec4 Nd7 12. Nb1 Bf6 13. Nc3 Nb4 14. Qe2 a5 15. a3 d5 16. Ne5 Na6 17. g4 Bxe5 18. dxe5 c6 19. d4 b5 20. gxf5 exf5 21. Qg2 Nb6 22. Rf3 a4 23. Rg3 Ra7 24. Bd2 Nc4 25. Be1 Qd7 26. Nb1 Rf7 27. Bc3 Nc7 28. Nd2 Nxd2 29. Bxd2 Ne6 30. Bb4 Ra8 31. Rc1 Kh8 32. Qc2 Rc8 33. Bc5 g5 34. fxg5 Rg8 35. Kh1 f4 36. exf4 Rxf4 37. g6 Qe8 38. Rcg1 Rxg6 39. Rxg6 hxg6 40. Rxg6 Re4 41. Rg1 Nf4 42. Qf2 Qh5 43. Qg3 Qh7 44. Qg4 Qf7 45. Bf8 Nh5 46. Qh3 Rh4 47. Bg7+ Kh7 48. Qd3+ Re4 49. Qh3 Rh4 50. Qxh4 Qf3+ 1/2-1/2